| 000 | 01387nam0a22002891 4500 | ||
|---|---|---|---|
| 001 | v19\rc\1672436 | ||
| 005 | 20260405172249.0 | ||
| 035 | _a(NLR Aleph) 004779724 | ||
| 090 |
_a4668698 _c4668698 |
||
| 100 | _a20061002d18931893|||y0rusy50 ca | ||
| 101 | 0 | _arus | |
| 102 | _aRU | ||
| 105 | _ay z ||||| | ||
| 200 | 1 |
_aВера и богословское знание _eСлово в день архистратига божия Михаила и прочих бесплот. сил, сказ. 8 нояб. 1893 г. в церкви Казан. духов. акад. доц. свящ. А. Смирновым |
|
| 210 |
_aКазань _cУнив. тип. _d[1893] |
||
| 215 | _a8 с. | ||
| 311 | _aОтд. отт. из нояб. книжки "Правосл. собесед.", 1893 г. | ||
| 488 | 0 |
_12001#$aПравославный собеседник$v1893, нояб. кн. _tПравославный собеседник |
|
| 700 | 1 |
_7ca _8rus _aСмирнов _bА. В. _cсвященнослужитель, д-р богословия _f1857-1933 _gАлександр Васильевич _92642840 _3RU\NLR\AUTH\770273297 |
|
| 702 | 0 |
_4570 _8rus _7ca _aМихаил _cархангел _3RU\NLR\AUTH\7773787 _956715 |
|
| 801 | 0 |
_aRU _bNLR _gpsbo |
|
| 801 | 0 |
_aRU _bRuMoRGB _2psbo |
|
| 801 | 1 |
_aRU _bProSoft-M _2rusmarc |
|
| 852 |
_aNLR _j18.267.3.50 |
||
| 942 | _cBOOK | ||
| 980 | _aNB | ||